00491nam a2200217Ia 4500008004100000020001800041050001400059100001900073245002100092245002200113250001900135260001500154260001600169260000900185300001600194300002000210300001000230300001900240440000600259500000800265170918s9999 xx 000 0 und d a9780545117548 bT447 2008 aKorman, Gordon aOne false note / cby Gordan Korman. aFirst edition. aNew York : bScholastic, c2008 a174 pages : billustrations ; c20cm. eThe 39 clues ; a2 a680